MARC

LEADER 00000nam0a2200000 4500
001 323632
005 20231102003604.0
035 |a (RuTPU)RU\TPU\book\349219 
090 |a 323632 
100 |a 20161025d1950 km y0rusy50 ca 
101 0 |a rus 
102 |a RU 
105 |a a z 001zy 
200 1 |a Огненный воздух (кислород)  |f А. С. Фёдоров 
205 |a 2-е изд. 
210 |a Москва  |a Ленинград  |c Гостехтеоретиздат  |d 1950 
215 |a 64 с.  |c ил. 
225 1 |a Научно-популярная библиотека 
320 |a Библиогр.: с. 64 
606 1 |a Кислород  |x Химия  |2 stltpush  |3 (RuTPU)RU\TPU\subj\74984  |9 86887 
606 1 |a Кислород  |x Производство  |2 stltpush  |3 (RuTPU)RU\TPU\subj\32896  |9 55293 
610 1 |a открытие 
610 1 |a очистка 
610 1 |a воздух 
610 1 |a высокое давление 
610 1 |a низкое давление 
610 1 |a жидкий воздух 
610 1 |a свойства 
610 1 |a жидкий кислород 
610 1 |a применение 
610 1 |a промышленность 
675 |a 546.21  |v 4 
675 |a 661.937  |v 4 
700 1 |a Фёдоров  |b А. С. 
702 1 |a Бардин  |b И. П.  |4 340 
801 1 |a RU  |b 63413507  |c 20161025 
801 2 |a RU  |b 63413507  |c 20200221  |g RCR 
942 |c BK